00323nam a2200133 a 4500008004100000050001600041100002300057245003800080260002500118300001000143350000900153650001400162650001300176120416s1976 ||||||||||||||||| || u aHF 5667 Dep aDe Paula, F. Clive10aAuditing: Principles and practice aLondonbPitmanc1976 a363p. a0.00 aTEXTBOOKS aAUDITING